000 00289nam a22001337a 4500
008 181011b xxu||||| |||| 00| 0 eng d
020 _a0391036718
041 _aeng
080 _a101
100 _a24
101 _aFIL
245 _aPhilosophy and Truth
_cNietzsche, F
942 _2udc
_cBK
999 _c49425
_d49425